Composición, abundancia estacional y dispersión horizontal de especies del mesozooplancton en la parte media del estuario de Bahía Blanca (Puerto Rosales) /

Guardado en:
Autor Principal: Cuesta, Andrea C.
Autor Corporativo: Universidad Nacional del Sur. Departamento de Biología, Bioquímica y Farmacia.
Otros Autores: Cervellini, Patricia M. (dir. de tesina.)
Formato: Manuscrito
Idioma:Spanish
Publicado: 2010.
Materias:
Etiquetas: Agregar Etiqueta
Sin Etiquetas, Sea el primero en etiquetar este registro!
LEADER 01166ntm a22002535a 4500
001 EUN.eunm003615
008 110706s2010####ag#a#####b####000#0#spa#d
005 20260226105229.0
245 1 0 |a Composición, abundancia estacional y dispersión horizontal de especies del mesozooplancton en la parte media del estuario de Bahía Blanca (Puerto Rosales) /  |c Andrea C. Cuesta ; directora: Patricia M. Cervellini. 
260 |c 2010. 
300 |a v, 50 h. :  |b il. col. ;  |c 30 cm. 
500 |a "Tesina de Licenciatura en Ciencias Biológicas". 
502 |a Tesina (licenciatura)--Universidad Nacional del Sur. Departamento de Biología, Bioquímica y Farmacia, 2010. 
504 |a Incluye referencias bibliográficas. 
100 1 |a Cuesta, Andrea C. 
700 1 |a Cervellini, Patricia M.  |q (Patricia Marta),  |e dir. de tesina. 
710 2 |a Universidad Nacional del Sur.  |b Departamento de Biología, Bioquímica y Farmacia. 
082 0 4 |a 595.3  |2 19 
650 7 |a Zoología.  |2 unbist 
650 7 |a Zooplancton.  |2 Mopu 
650 7 |a Estuarios.  |2 unbist 
651 0 |a Bahía Blanca (Argentina) 
653 |a Tesinas 
859 |a AR-BaUNS  |b BIB. CENTRAL - Sector A  |h 595.3  |i C894  |p 129128/025  |t Ej.2